LEADER 01350nam a2200289 a 4500 001 000000125540 003 CaOOAMICUS 005 20110601105641.0 008 110601s2011 it u000 u ita r 020 $a978-88-465-0746-4 040 $aPUL$bita 082 04$a230.01 245 00$aAlle sorgenti della vita :$binvito alla lettura dell'Esortazione Apostolica Vita Consecrata /$cMarco Cardinali (ed.) 260 $aCittą del Vaticano :$bLateran University Press,$c©2011. 300 $a75 p. ;$c21 cm 490 1 $aCommenti ;$v02 610 24$aPapi (1978-2005 : Iohannes Paulus PP. II).$tVita consecrata.$0(OLS)http://pul/subject/23592 700 1 $aCardinali, Marco.$0(OLS)http://pul/name/64200 830 0$aCommenti (Lateran University Press) ;$v02.$0(OLS)http://pul/title/88307 850 $aPUL 852 $aPUL$W1$xSL Religione 3$y85$m230. 01 COLL 1.2$j144606$qDDC 21$B143627$CPULBib$Z2$F143627 $H117404 $82 941 1 $a9 996 $6020$a978-88-465-0746-4$9(OLS)http://pul/number/147378 996 $6082$a230.01$9(OLS)http://pul/classification/1840 996 $6245$aAlle sorgenti della vita :$binvito alla lettura dell'Esortazione Apostolica Vita Consecrata$9(OLS)http://pul/title/158309 996 $6260$aCittą del Vaticano :$bLateran University Press$9(OLS)http://pul/publisher/74585 LEADER 01415nam a2200337 a 4500 001 000000121301 003 CaOOAMICUS 005 20100420131739.0 008 100420t2010 nju f 001 0 eng r 020 $a978-0-19-530795-5 040 $aPUL$bita$dReb 082 04$a174.4 245 04$aThe Oxford handbook of business ethics /$cEdited by George G. Brenkert, Tom L. Beauchamp. 260 $aOxford ;$aNew York :$bOxford University Press,$c©2010. 300 $axii, 733 p. ;$c25 cm 504 $aInclude riferimenti bibliografici ed indice. 650 4$aEtica e economia.$0(OLS)http://pul/subject/11804 700 1 $aBeauchamp, Tom L.$0(OLS)http://pul/name/42151 700 1 $aBrenkert, George G.$0(OLS)http://pul/name/75960 850 $aPUL 852 $aPUL$W1$xSL Filosofia 3$y81$m174. 4 BREGE 1$j139088$qDDC 21$B138323$CPULBib$Z2$F138323 $H113422 $82 941 1 $a9 960 $aEconomia e morale$911804 960 $aEconomia e morale$911804 960 $aEtica economica$911804 960 $aEtica degli affari$911804 960 $aFinanza etica$911804 996 $6020$a978-0-19-530795-5$9(OLS)http://pul/number/143931 996 $6082$a174.4$9(OLS)http://pul/classification/466 996 $6245$aThe Oxford handbook of business ethics$9(OLS)http://pul/title/152595 996 $6260$aOxford ;$aNew York :$bOxford University Press$9(OLS)http://pul/publisher/74678